000 01099 a2200217 4500
020 _a0470863099
040 _aDLC
_bDLC
082 0 0 _a621.3845
245 0 0 _aSingle and multi-carrier DS-CDMA: multi-user detection, space-time spreading, synchronisation, networking, and standards
_bmulti-user detection, space-time spreading, synchronisation, networking, and standards
_cL. Hanzo ... [et al.].
260 _aNew York :
_bJ. Wiley,
_cc2003.
300 _axxv, 1077 p. :
_bill. ;
_c26 cm.
650 0 _aCode division multiple access.
650 0 _aMultiuser detection (Telecommunication)
650 0 _aSignal processing
_xDigital techniques.
700 1 _aHanzo, Lajos,
_d1952-
856 4 2 _3Contributor biographical information
_uhttp://www.loc.gov/catdir/bios/wiley046/2003053813.html
856 4 2 _3Publisher description
_uhttp://www.loc.gov/catdir/description/wiley041/2003053813.html
856 4 2 _3Table of contents
_uhttp://www.loc.gov/catdir/toc/wiley041/2003053813.html
856 4 2 _3Book review (E-STREAMS)
_uhttp://www.e-streams.com/es0706/es0706_3301.html
942 _cBK
_k621.3845 HAN
_2ddc
999 _c9467
_d9467